<?xml version="1.0" encoding="UTF-8"?>
<marc:record xmlns:marc="http://www.loc.gov/MARC21/slim" type="Bibliographic">
   <marc:leader>00000nam a2200000 c 4500</marc:leader>
   <marc:controlfield tag="001">958672504</marc:controlfield>
   <marc:controlfield tag="003">DE-101</marc:controlfield>
   <marc:controlfield tag="005">20171203084550.0</marc:controlfield>
   <marc:controlfield tag="007">tu</marc:controlfield>
   <marc:controlfield tag="008">000314s2000    gw ||||| |||| 00||||ger  </marc:controlfield>
   <marc:datafield ind1=" " ind2=" " tag="015">
      <marc:subfield code="a">00,A17,0289</marc:subfield>
      <marc:subfield code="2">dnb</marc:subfield>
   </marc:datafield>
   <marc:datafield ind1="7" ind2=" " tag="016">
      <marc:subfield code="2">DE-101</marc:subfield>
      <marc:subfield code="a">958672504</marc:subfield>
   </marc:datafield>
   <marc:datafield ind1=" " ind2=" " tag="020">
      <marc:subfield code="a">9783492036634</marc:subfield>
      <marc:subfield code="c">Pp. : DM 38.00, EUR 19.43</marc:subfield>
      <marc:subfield code="9">978-3-492-03663-4</marc:subfield>
   </marc:datafield>
   <marc:datafield ind1=" " ind2=" " tag="020">
      <marc:subfield code="a">3492036635</marc:subfield>
      <marc:subfield code="c">Pp. : DM 38.00, EUR 19.43</marc:subfield>
      <marc:subfield code="9">3-492-03663-5</marc:subfield>
   </marc:datafield>
   <marc:datafield ind1=" " ind2=" " tag="035">
      <marc:subfield code="a">(DE-599)DNB958672504</marc:subfield>
   </marc:datafield>
   <marc:datafield ind1=" " ind2=" " tag="035">
      <marc:subfield code="a">(OCoLC)76091967</marc:subfield>
   </marc:datafield>
   <marc:datafield ind1=" " ind2=" " tag="040">
      <marc:subfield code="a">1240</marc:subfield>
      <marc:subfield code="b">ger</marc:subfield>
      <marc:subfield code="c">DE-101</marc:subfield>
      <marc:subfield code="d">9999</marc:subfield>
   </marc:datafield>
   <marc:datafield ind1=" " ind2=" " tag="041">
      <marc:subfield code="a">ger</marc:subfield>
      <marc:subfield code="h">eng</marc:subfield>
   </marc:datafield>
   <marc:datafield ind1=" " ind2=" " tag="044">
      <marc:subfield code="c">XA-DE</marc:subfield>
   </marc:datafield>
   <marc:datafield ind1=" " ind2=" " tag="084">
      <marc:subfield code="a">11</marc:subfield>
      <marc:subfield code="a">14</marc:subfield>
      <marc:subfield code="a">150</marc:subfield>
      <marc:subfield code="q">DE-101</marc:subfield>
      <marc:subfield code="2">sdnb</marc:subfield>
   </marc:datafield>
   <marc:datafield ind1=" " ind2=" " tag="084">
      <marc:subfield code="a">5.2</marc:subfield>
      <marc:subfield code="a">9.3d</marc:subfield>
      <marc:subfield code="q">DE-101</marc:subfield>
      <marc:subfield code="2">sswd</marc:subfield>
   </marc:datafield>
   <marc:datafield ind1=" " ind2=" " tag="090">
      <marc:subfield code="a">b</marc:subfield>
   </marc:datafield>
   <marc:datafield ind1="1" ind2=" " tag="100">
      <marc:subfield code="0">(DE-588)124121152</marc:subfield>
      <marc:subfield code="0">http://d-nb.info/gnd/124121152</marc:subfield>
      <marc:subfield code="0">(DE-101)124121152</marc:subfield>
      <marc:subfield code="a">Stern, Daniel N.</marc:subfield>
      <marc:subfield code="d">1934-2012</marc:subfield>
      <marc:subfield code="e">Verfasser</marc:subfield>
      <marc:subfield code="4">aut</marc:subfield>
   </marc:datafield>
   <marc:datafield ind1="0" ind2="0" tag="245">
      <marc:subfield code="a">Geburt einer Mutter</marc:subfield>
      <marc:subfield code="b">die Erfahrung, die das Leben einer Frau für immer verändert</marc:subfield>
      <marc:subfield code="c">Daniel N. Stern und Nadia Bruschweiler-Stern. Mit Alison Freeland. Aus dem Amerikan. von Angelika Hildebrandt</marc:subfield>
   </marc:datafield>
   <marc:datafield ind1=" " ind2="1" tag="264">
      <marc:subfield code="a">München</marc:subfield>
      <marc:subfield code="a">Zürich</marc:subfield>
      <marc:subfield code="b">Piper</marc:subfield>
      <marc:subfield code="c">2000</marc:subfield>
   </marc:datafield>
   <marc:datafield ind1=" " ind2=" " tag="300">
      <marc:subfield code="a">244 S.</marc:subfield>
      <marc:subfield code="c">22 cm</marc:subfield>
   </marc:datafield>
   <marc:datafield ind1=" " ind2=" " tag="336">
      <marc:subfield code="a">Text</marc:subfield>
      <marc:subfield code="b">txt</marc:subfield>
      <marc:subfield code="2">rdacontent</marc:subfield>
   </marc:datafield>
   <marc:datafield ind1=" " ind2=" " tag="337">
      <marc:subfield code="a">ohne Hilfsmittel zu benutzen</marc:subfield>
      <marc:subfield code="b">n</marc:subfield>
      <marc:subfield code="2">rdamedia</marc:subfield>
   </marc:datafield>
   <marc:datafield ind1=" " ind2=" " tag="338">
      <marc:subfield code="a">Band</marc:subfield>
      <marc:subfield code="b">nc</marc:subfield>
      <marc:subfield code="2">rdacarrier</marc:subfield>
   </marc:datafield>
   <marc:datafield ind1=" " ind2="7" tag="650">
      <marc:subfield code="0">(DE-588)4152905-4</marc:subfield>
      <marc:subfield code="0">http://d-nb.info/gnd/4152905-4</marc:subfield>
      <marc:subfield code="0">(DE-101)041529057</marc:subfield>
      <marc:subfield code="a">Erstgeborenes</marc:subfield>
      <marc:subfield code="2">gnd</marc:subfield>
   </marc:datafield>
   <marc:datafield ind1=" " ind2="7" tag="650">
      <marc:subfield code="0">(DE-588)4040949-1</marc:subfield>
      <marc:subfield code="0">http://d-nb.info/gnd/4040949-1</marc:subfield>
      <marc:subfield code="0">(DE-101)04040949X</marc:subfield>
      <marc:subfield code="a">Mutter</marc:subfield>
      <marc:subfield code="2">gnd</marc:subfield>
   </marc:datafield>
   <marc:datafield ind1=" " ind2="7" tag="650">
      <marc:subfield code="0">(DE-588)4138616-4</marc:subfield>
      <marc:subfield code="0">http://d-nb.info/gnd/4138616-4</marc:subfield>
      <marc:subfield code="0">(DE-101)041386167</marc:subfield>
      <marc:subfield code="a">Identitätsentwicklung</marc:subfield>
      <marc:subfield code="2">gnd</marc:subfield>
   </marc:datafield>
   <marc:datafield ind1="0" ind2="0" tag="689">
      <marc:subfield code="0">(DE-588)4152905-4</marc:subfield>
      <marc:subfield code="0">http://d-nb.info/gnd/4152905-4</marc:subfield>
      <marc:subfield code="0">(DE-101)041529057</marc:subfield>
      <marc:subfield code="D">s</marc:subfield>
      <marc:subfield code="a">Erstgeborenes</marc:subfield>
   </marc:datafield>
   <marc:datafield ind1="0" ind2="1" tag="689">
      <marc:subfield code="0">(DE-588)4040949-1</marc:subfield>
      <marc:subfield code="0">http://d-nb.info/gnd/4040949-1</marc:subfield>
      <marc:subfield code="0">(DE-101)04040949X</marc:subfield>
      <marc:subfield code="D">s</marc:subfield>
      <marc:subfield code="a">Mutter</marc:subfield>
   </marc:datafield>
   <marc:datafield ind1="0" ind2="2" tag="689">
      <marc:subfield code="0">(DE-588)4138616-4</marc:subfield>
      <marc:subfield code="0">http://d-nb.info/gnd/4138616-4</marc:subfield>
      <marc:subfield code="0">(DE-101)041386167</marc:subfield>
      <marc:subfield code="D">s</marc:subfield>
      <marc:subfield code="a">Identitätsentwicklung</marc:subfield>
   </marc:datafield>
   <marc:datafield ind1="0" ind2=" " tag="689">
      <marc:subfield code="5">DE-101</marc:subfield>
      <marc:subfield code="5">DE-101</marc:subfield>
   </marc:datafield>
   <marc:datafield ind1="1" ind2=" " tag="700">
      <marc:subfield code="0">(DE-588)121897893</marc:subfield>
      <marc:subfield code="0">http://d-nb.info/gnd/121897893</marc:subfield>
      <marc:subfield code="0">(DE-101)121897893</marc:subfield>
      <marc:subfield code="a">Bruschweiler-Stern, Nadia</marc:subfield>
      <marc:subfield code="e">Verfasser</marc:subfield>
      <marc:subfield code="4">aut</marc:subfield>
   </marc:datafield>
   <marc:datafield ind1="1" ind2="2" tag="700">
      <marc:subfield code="a">Stern, Daniel N.</marc:subfield>
      <marc:subfield code="d">1934-2012</marc:subfield>
      <marc:subfield code="t">&#x98;The&#x9c; birth of a mother</marc:subfield>
      <marc:subfield code="g">dt.</marc:subfield>
   </marc:datafield>
   <marc:datafield ind1=" " ind2=" " tag="850">
      <marc:subfield code="a">DE-101a</marc:subfield>
      <marc:subfield code="a">DE-101b</marc:subfield>
   </marc:datafield>
   <marc:datafield ind1="r" ind2=" " tag="925">
      <marc:subfield code="a">ra</marc:subfield>
   </marc:datafield>
</marc:record>
